[Event "Schweinfurt op 29th"]
[Site "Schweinfurt"]
[Date "2019.06.22"]
[Round "4"]
[White "Lang, Stefan1"]
[Black "Maar, Samuel"]
[Result "0-1"]
[WhiteElo "2094"]
[BlackElo "1966"]
[PlyCount "122"]
[EventDate "2019.06.20"]
[EventType "swiss"]
[EventRounds "7"]
[EventCountry "GER"]
[SourceTitle "CBM 191 Extra"]
[Source "ChessBase"]
[SourceDate "2019.09.30"]
[SourceVersion "1"]
[SourceVersionDate "2019.09.30"]
[SourceQuality "1"]

1. c4 Nf6 2. Nc3 g6 3. g3 Bg7 4. Bg2 0-0 5. d3 d6 6. Bd2 c5 7. Rb1 Nc6 8. Qc1 Re8 9. Bh6 Bh8 10. h4 e6 11. Nh3 d5 12. 0-0 Ne7 13. Bg5 b6 14. Qf4 Nh5 15. Qf3 f6 16. g4 fxg5 17. gxh5 gxh4 18. cxd5 Bxc3 19. d6 Nd5 20. bxc3 Rb8 21. hxg6 hxg6 22. c4 Nc3 23. Rb3 Nxa2 24. Ra3 Nb4 25. Rxa7 Bd7 26. Qg4 Kg7 27. Nf4 g5 28. Be4 Kf8 29. Ng6+ Kg8 30. Qh5 e5 31. Qh8+ Kf7 32. Qh7+ Ke6 33. Rxd7 Qxd7 34. Bf5+ Kxf5 35. Qxd7+ Kxg6 36. Qc7 Na6 37. Qa7 Nb4 38. d7 Red8 39. Qc7 Kf5 40. Qd6 Rb7 41. f3 Rdxd7 42. e4+ Kf4 43. Qf6+ Ke3 44. Qxg5+ Kd4 45. Qd2 Ra7 46. Qb2+ Ke3 47. Re1+ Kxd3 48. Rd1+ Kxc4 49. Rxd7 Rxd7 50. Qxe5 Rd2 51. Qe6+ Kb5 52. Qe8+ Nc6 53. Qh8 Nd4 54. f4 c4 55. Qe8+ Kb4 56. Qe7+ Kb3 57. Qf6 b5 58. e5 c3 59. Qf7+ Kb2 60. Qe7 c2 61. Qb4+ Nb3 0-1

[Event "Schweinfurt op 29th"]
[Site "Schweinfurt"]
[Date "2019.06.22"]
[Round "5"]
[White "Maar, Samuel"]
[Black "Kornitzky, Tino"]
[Result "1/2-1/2"]
[WhiteElo "1966"]
[BlackElo "2098"]
[PlyCount "48"]
[EventDate "2019.06.20"]
[EventType "swiss"]
[EventRounds "7"]
[EventCountry "GER"]
[SourceTitle "CBM 191 Extra"]
[Source "ChessBase"]
[SourceDate "2019.09.30"]
[SourceVersion "1"]
[SourceVersionDate "2019.09.30"]
[SourceQuality "1"]

1. e4 e5 2. Nf3 Nc6 3. Bc4 Bc5 4. c3 Nf6 5. d3 d6 6. h3 h6 7. Bb3 0-0 8. 0-0 a6 9. Re1 Ba7 10. Nbd2 Re8 11. Nf1 Be6 12. Bc2 d5 13. exd5 Nxd5 14. Ne3 Nf4 15. Nc4 Bxc4 16. dxc4 Qf6 17. Re4 Rad8 18. Bd2 Ne6 19. Qe2 Nc5 20. Re3 Nd7 21. Re4 Nc5 22. Re3 a5 23. Re1 Ne6 24. Re4 Nc5 1/2-1/2

[Event "Korbach op 9th"]
[Site "Korbach"]
[Date "2017.10.21"]
[Round "5"]
[White "Stork, Oliver"]
[Black "Maar, Samuel"]
[Result "1-0"]
[WhiteElo "2176"]
[BlackElo "1998"]
[PlyCount "59"]
[EventDate "2017.10.19"]
[EventType "swiss"]
[EventRounds "7"]
[EventCountry "GER"]
[SourceTitle "CBM 181 Extra"]
[Source "ChessBase"]
[SourceDate "2017.12.12"]
[SourceVersion "1"]
[SourceVersionDate "2017.12.12"]
[SourceQuality "1"]

1. c4 Nf6 2. g3 g6 3. Bg2 Bg7 4. Nc3 0-0 5. d3 d6 6. e4 c5 7. Nge2 Nc6 8. 0-0 e6 9. h3 Rb8 10. Be3 b6 11. Qd2 Bb7 12. Bh6 d5 13. Bxg7 Kxg7 14. exd5 exd5 15. Nxd5 Nxd5 16. Bxd5 Nb4 17. Bxb7 Rxb7 18. d4 b5 19. Qc3 bxc4 20. dxc5+ f6 21. Qxc4 Nd3 22. Nd4 Qc8 23. Qxd3 Rxb2 24. Rab1 Rxb1 25. Rxb1 Re8 26. Qb5 Re7 27. c6 Qxh3 28. Qc5 Re8 29. Qxa7+ Kh6 30. Qd7 1-0

[Event "Vellmar op 9th"]
[Site "Vellmar"]
[Date "2017.07.15"]
[Round "4"]
[White "Boerma, Daniel"]
[Black "Maar, Samuel"]
[Result "0-1"]
[WhiteElo "1825"]
[BlackElo "1952"]
[PlyCount "62"]
[EventDate "2017.07.13"]
[EventType "swiss"]
[EventRounds "7"]
[EventCountry "GER"]
[SourceTitle "CBM 179 Extra"]
[Source "ChessBase"]
[SourceDate "2017.08.23"]
[SourceVersion "1"]
[SourceVersionDate "2017.08.23"]
[SourceQuality "1"]

1. d4 Nf6 2. Nf3 g6 3. e3 Bg7 4. Bd3 0-0 5. Nbd2 d6 6. b3 c5 7. Bb2 Nc6 8. a3 Re8 9. 0-0 cxd4 10. exd4 e5 11. Re1 Bg4 12. dxe5 Nxe5 13. Be2 Nd5 14. Nxe5 Bxe2 15. Qxe2 dxe5 16. Rad1 Nf4 17. Qf1 Qc7 18. Nc4 b5 19. Ne3 Qc6 20. g3 Ne6 21. Qg2 e4 22. Bxg7 Kxg7 23. c4 bxc4 24. Nxc4 Ng5 25. Re3 Nf3+ 26. Kh1 Rad8 27. Qf1 Qe6 28. Rc1 Rd5 29. h3 Rh5 30. h4 Qg4 31. Qd1 Qh3# 0-1

[Event "Hessen-chA"]
[Site "Marburg"]
[Date "2017.??.??"]
[Round "6"]
[White "Dios, Erwin Michael"]
[Black "Maar, Samuel"]
[Result "1-0"]
[WhiteElo "2058"]
[BlackElo "1947"]
[PlyCount "131"]
[EventDate "2017.05.24"]
[EventType "swiss"]
[EventRounds "7"]
[EventCountry "GER"]
[SourceTitle "EXT 2018"]
[Source "ChessBase"]
[SourceDate "2017.10.13"]
[SourceVersion "1"]
[SourceVersionDate "2017.10.13"]
[SourceQuality "1"]

1. g3 Nf6 2. Bg2 g6 3. c4 Bg7 4. Nf3 0-0 5. d4 d6 6. 0-0 Nbd7 7. Nc3 c5 8. d5 a6 9. h3 Rb8 10. a4 Nb6 11. Qd3 e6 12. a5 Na8 13. dxe6 fxe6 14. Rd1 b5 15. cxb5 axb5 16. Qxd6 Qxd6 17. Rxd6 b4 18. Na4 Ne4 19. Rd1 Ba6 20. Nd2 Nc3 21. bxc3 bxc3 22. Nxc3 Bxc3 23. Ra3 Bb4 24. Re3 Rfd8 25. Rxe6 Nc7 26. Rb6 Bxa5 27. Rxb8 Rxb8 28. Ne4 Rb1 29. Kh2 Ne6 30. Rd6 Rb6 31. Rd7 Nf8 32. Rc7 c4 33. Bh6 g5 34. Bxg5 Rg6 35. Ra7 c3 36. Be3 c2 37. Nc5 Bb6 38. Rxa6 Bxc5 39. Rxg6+ hxg6 40. Bc1 Bxf2 41. Be4 Ne6 42. Bxc2 Nd4 43. Bd3 Kf7 44. Bd2 Kf6 45. Kg2 Nb3 46. Kxf2 Nxd2 47. h4 Nb3 48. g4 Nc5 49. g5+ Kg7 50. Kf3 Nd7 51. Kf4 Kf7 52. Ke4 Ke6 53. Bc4+ Kd6 54. Kf4 Ne5 55. Bd3 Ke6 56. Bc2 Kd6 57. Ba4 Ke6 58. Be8 Kd6 59. h5 gxh5 60. Bxh5 Ke6 61. Bg4+ Kd6 62. Kf5 Nf7 63. Bh5 Nd8 64. Kf6 Ne6 65. g6 Nf4 66. Bf3 1-0

[Event "Hessen-chA"]
[Site "Marburg"]
[Date "2017.??.??"]
[Round "1"]
[White "Goloborodko, Dimitri"]
[Black "Maar, Samuel"]
[Result "1-0"]
[WhiteElo "2090"]
[BlackElo "1947"]
[PlyCount "53"]
[EventDate "2017.05.24"]
[EventType "swiss"]
[EventRounds "7"]
[EventCountry "GER"]
[SourceTitle "EXT 2018"]
[Source "ChessBase"]
[SourceDate "2017.10.13"]
[SourceVersion "1"]
[SourceVersionDate "2017.10.13"]
[SourceQuality "1"]

1. d4 Nf6 2. Nf3 g6 3. g3 Bg7 4. Bg2 0-0 5. 0-0 d6 6. c4 Nbd7 7. Nc3 e5 8. Qc2 Re8 9. Rd1 exd4 10. Nxd4 Nb6 11. c5 Nc4 12. b3 Ne5 13. cxd6 cxd6 14. Ba3 d5 15. Ncb5 Be6 16. Rac1 a6 17. Nc7 Rc8 18. Ncxe6 Rxc2 19. Nxd8 Rxc1 20. Rxc1 Rxd8 21. Rc7 Nfg4 22. Be7 Re8 23. Bxd5 Bf6 24. Bxf6 Nxf6 25. Bxb7 Kg7 26. b4 Rd8 27. Ne6+ 1-0

[Event "Vellmar op 8th"]
[Site "Vellmar"]
[Date "2016.07.31"]
[Round "7"]
[White "Maar, Samuel"]
[Black "Boerma, Daniel"]
[Result "1/2-1/2"]
[WhiteElo "1998"]
[BlackElo "1926"]
[PlyCount "91"]
[EventDate "2016.07.28"]
[EventType "swiss"]
[EventRounds "7"]
[EventCountry "GER"]
[SourceTitle "CBM 173 Extra"]
[Source "ChessBase"]
[SourceDate "2016.08.29"]
[SourceVersion "1"]
[SourceVersionDate "2016.08.29"]
[SourceQuality "1"]

1. e4 e6 2. d4 d5 3. Nd2 dxe4 4. Nxe4 Nf6 5. Bd3 Be7 6. Nf3 Nbd7 7. 0-0 0-0 8. c3 b6 9. Ng3 Bb7 10. Qe2 c5 11. Re1 Re8 12. Ng5 Nf8 13. Bb5 Qd5 14. f3 Bc6 15. Bc4 Qd7 16. dxc5 Bxc5+ 17. Be3 Bxe3+ 18. Qxe3 Rad8 19. f4 Qd2 20. Qxd2 Rxd2 21. Re2 Red8 22. f5 Rxe2 23. Nxe2 Bd5 24. Rd1 h6 25. fxe6 fxe6 26. Nf3 Ng6 27. Bb3 Re8 28. c4 Bxf3 29. gxf3 Kf8 30. Nd4 Nf4 31. Nb5 Re7 32. Bc2 a6 33. Rd8+ Re8 34. Rxe8+ Nxe8 35. Nd4 Ke7 36. b4 Kd6 37. Kf2 Nf6 38. a4 a5 39. bxa5 bxa5 40. Ke3 g5 41. Nb3 e5 42. Nxa5 Kc5 43. Bd1 Ne6 44. Nb7+ Kc6 45. Na5+ Kc5 46. Nb7+ 1/2-1/2

[Event "Schweinfurt op 26th"]
[Site "Schweinfurt"]
[Date "2016.05.29"]
[Round "7"]
[White "Maar, Samuel"]
[Black "Petersen, Steffen"]
[Result "1/2-1/2"]
[WhiteElo "1910"]
[BlackElo "1867"]
[PlyCount "69"]
[EventDate "2016.05.26"]
[EventType "swiss"]
[EventRounds "7"]
[EventCountry "GER"]
[SourceTitle "CBM 172 Extra"]
[Source "ChessBase"]
[SourceDate "2016.06.21"]
[SourceVersion "1"]
[SourceVersionDate "2016.06.21"]
[SourceQuality "1"]

1. e4 e5 2. Nf3 Nc6 3. Bc4 Be7 4. d4 d6 5. c3 Nf6 6. Qa4 0-0 7. Nbd2 exd4 8. cxd4 Nxe4 9. Nxe4 d5 10. Neg5 Bb4+ 11. Bd2 Bxd2+ 12. Kxd2 dxc4 13. Qc2 g6 14. Qxc4 Bg4 15. Rae1 h6 16. h3 Bxf3 17. Nxf3 Qf6 18. Kc1 Rfd8 19. Re4 Na5 20. Qc3 b6 21. Rhe1 Nb7 22. Ne5 c5 23. Ng4 Qg7 24. Qf3 cxd4 25. Nf6+ Kh8 26. Ne8 Qf8 27. Re7 Rxe8 28. Qxb7 Rxe7 29. Rxe7 Kg8 30. Kd2 d3 31. a3 Re8 32. Rxe8 Qxe8 33. Kxd3 Qb5+ 34. Kc3 Qc5+ 35. Kb3 1/2-1/2

[Event "Schweinfurt op 26th"]
[Site "Schweinfurt"]
[Date "2016.05.28"]
[Round "5"]
[White "Maar, Samuel"]
[Black "Meyer, Thorlejf"]
[Result "1-0"]
[WhiteElo "1910"]
[BlackElo "1839"]
[PlyCount "47"]
[EventDate "2016.05.26"]
[EventType "swiss"]
[EventRounds "7"]
[EventCountry "GER"]
[SourceTitle "CBM 172 Extra"]
[Source "ChessBase"]
[SourceDate "2016.06.21"]
[SourceVersion "1"]
[SourceVersionDate "2016.06.21"]
[SourceQuality "1"]

1. e4 c5 2. Nf3 Nc6 3. d4 cxd4 4. Nxd4 e6 5. Bf4 Bc5 6. Nb3 Be7 7. Nc3 e5 8. Be3 Nf6 9. Bc4 0-0 10. 0-0 a6 11. Nd5 Nxd5 12. exd5 b5 13. Be2 Na7 14. d6 Bf6 15. Bf3 Nc6 16. Nc5 Rb8 17. c3 b4 18. Qa4 bxc3 19. bxc3 e4 20. Bxe4 Bxc3 21. Rab1 Be5 22. Bxc6 Rxb1 23. Rxb1 dxc6 24. d7 1-0

[Event "Schweinfurt op 26th"]
[Site "Schweinfurt"]
[Date "2016.05.26"]
[Round "2"]
[White "Amtmann, Florian"]
[Black "Maar, Samuel"]
[Result "1/2-1/2"]
[WhiteElo "2170"]
[BlackElo "1910"]
[PlyCount "81"]
[EventDate "2016.05.26"]
[EventType "swiss"]
[EventRounds "7"]
[EventCountry "GER"]
[SourceTitle "CBM 172 Extra"]
[Source "ChessBase"]
[SourceDate "2016.06.21"]
[SourceVersion "1"]
[SourceVersionDate "2016.06.21"]
[SourceQuality "1"]

1. e4 e5 2. Nf3 d6 3. d4 exd4 4. Nxd4 Nf6 5. Nc3 Be7 6. g3 d5 7. exd5 Nxd5 8. Bg2 Nxc3 9. bxc3 c5 10. Nb3 Qxd1+ 11. Kxd1 Bg4+ 12. f3 Be6 13. f4 Nc6 14. Be3 0-0-0+ 15. Kc1 c4 16. Nd4 Ba3+ 17. Kd2 Rhe8 18. Rab1 Re7 19. Rhe1 Nxd4 20. cxd4 c3+ 21. Kxc3 Rc7+ 22. Kd3 Bxa2 23. Rxb7 Bc4+ 24. Kc3 Rdd7 25. Rxc7+ Rxc7 26. Kd2 a5 27. Ra1 Bb4+ 28. c3 Bxc3+ 29. Kxc3 Bd5+ 30. Kd3 Bxg2 31. Rxa5 Rb7 32. d5 Kd7 33. Kd4 Rb4+ 34. Kc5 Rb3 35. Ra7+ Ke8 36. Bd4 g6 37. Bf6 Rd3 38. d6 Rd5+ 39. Kb4 Rxd6 40. Bg5 Rb6+ 41. Kc3 1/2-1/2

[Event "Hessen-ch U16"]
[Site "Bad Homburg"]
[Date "2015.03.30"]
[Round "2"]
[White "Maar, Samuel"]
[Black "Thomsen, Phil"]
[Result "0-1"]
[WhiteElo "1874"]
[BlackElo "1691"]
[PlyCount "115"]
[EventDate "2015.03.30"]
[EventType "swiss"]
[EventRounds "7"]
[EventCountry "GER"]
[SourceTitle "EXT 2017"]
[Source "ChessBase"]
[SourceDate "2016.10.25"]
[SourceVersion "1"]
[SourceVersionDate "2016.10.25"]
[SourceQuality "1"]

1. c4 Nf6 2. Nc3 g6 3. g3 Bg7 4. Bg2 d6 5. Nf3 0-0 6. 0-0 Nbd7 7. d4 e5 8. dxe5 dxe5 9. b3 Qe7 10. Bg5 c6 11. Qc1 Re8 12. a3 Nc5 13. Nd2 Ne6 14. Bxf6 Bxf6 15. Nce4 Bg7 16. c5 Rd8 17. Nd6 Nd4 18. Nxc8 Nxe2+ 19. Kh1 Raxc8 20. Qc2 Nd4 21. Qc4 Qe6 22. Qxe6 Nxe6 23. Ne4 Rc7 24. b4 Rcd7 25. Nd6 Bf8 26. Nxb7 Rxb7 27. Bxc6 Rc7 28. Ba4 Nd4 29. Rad1 a5 30. f4 axb4 31. axb4 Ra7 32. Bb3 Rb8 33. Rb1 Nxb3 34. Rxb3 exf4 35. c6 Rxb4 36. Rxb4 Bxb4 37. Rb1 f3 38. Kg1 Bc5+ 39. Kf1 Rc7 40. g4 Rxc6 41. h4 Be3 42. Re1 Rc1 43. Rxc1 Bxc1 44. Kf2 Kg7 45. Kxf3 h6 46. Ke4 g5 47. h5 Kf6 48. Kd5 Bf4 49. Ke4 Ke6 50. Kf3 f5 51. gxf5+ Kxf5 52. Kf2 Kg4 53. Kg2 Bg3 54. Kg1 Kf3 55. Kh1 Bf2 56. Kh2 g4 57. Kh1 Ba7 58. Kh2 0-1

[Event "Heusenstamm Schloss op 1st"]
[Site "Heusenstamm"]
[Date "2014.11.23"]
[Round "6"]
[White "Zweschper, Erich"]
[Black "Maar, Samuel"]
[Result "1/2-1/2"]
[WhiteElo "2043"]
[BlackElo "1892"]
[PlyCount "82"]
[EventDate "2014.11.20"]
[EventType "swiss"]
[EventRounds "7"]
[EventCountry "GER"]
[SourceTitle "CBM 163 Extra"]
[Source "ChessBase"]
[SourceDate "2014.12.23"]
[SourceVersion "1"]
[SourceVersionDate "2014.12.23"]
[SourceQuality "1"]

1. d4 d5 2. Nf3 Nf6 3. c4 c6 4. Nc3 Bf5 5. e3 e6 6. Be2 Be7 7. 0-0 0-0 8. Nh4 Bg4 9. Nf3 h6 10. h3 Bh5 11. b3 Nbd7 12. Bb2 Bd6 13. c5 Bb8 14. b4 Qc7 15. g3 Kh8 16. Kg2 g5 17. Ne5 Bxe2 18. Nxe2 Ne4 19. f3 Nxg3 20. Nxg3 f6 21. f4 fxe5 22. dxe5 gxf4 23. exf4 b6 24. Qh5 Kh7 25. f5 Nxe5 26. Bxe5 Qxe5 27. Qg6+ Kh8 28. fxe6 Qb2+ 29. Kh1 Bf4 30. Rab1 Rf6 31. Rxb2 Rxg6 32. Rxf4 Rxg3 33. Re2 bxc5 34. bxc5 Rxh3+ 35. Kg2 Rh5 36. e7 Rg5+ 37. Kf3 Re8 38. Rf6 h5 39. Rxc6 Rf5+ 40. Kg3 Kg7 41. Rce6 d4 1/2-1/2

[Event "Heusenstamm Schloss op 1st"]
[Site "Heusenstamm"]
[Date "2014.11.21"]
[Round "2"]
[White "Rosenberger, Frank"]
[Black "Maar, Samuel"]
[Result "0-1"]
[WhiteElo "2067"]
[BlackElo "1892"]
[PlyCount "58"]
[EventDate "2014.11.20"]
[EventType "swiss"]
[EventRounds "7"]
[EventCountry "GER"]
[SourceTitle "CBM 163 Extra"]
[Source "ChessBase"]
[SourceDate "2014.12.23"]
[SourceVersion "1"]
[SourceVersionDate "2014.12.23"]
[SourceQuality "1"]

1. e4 e5 2. Nf3 d6 3. Bc4 c6 4. d4 d5 5. exd5 e4 6. Ne5 cxd5 7. Bb5+ Nd7 8. 0-0 a6 9. Ba4 b5 10. Bb3 Nxe5 11. dxe5 Bb7 12. f3 Bc5+ 13. Kh1 e3 14. Nc3 Ne7 15. Qd3 Bb6 16. Rd1 d4 17. Ne4 0-0 18. Ng5 Ng6 19. Nxf7 Rxf7 20. Bxf7+ Kxf7 21. Qf5+ Kg8 22. Bxe3 Qe7 23. Bxd4 Rf8 24. Qd3 Nf4 25. Qf1 Bxd4 26. Rxd4 Nxg2 27. Rd3 Nh4 28. Qh3 Nxf3 29. Qd7 Nxe5+ 0-1

[Event "Hessen-ch U16"]
[Site "Bad Homburg"]
[Date "2014.04.18"]
[Round "6"]
[White "Maar, Samuel"]
[Black "Everett, Elijah David"]
[Result "0-1"]
[WhiteElo "1771"]
[BlackElo "2049"]
[PlyCount "112"]
[EventDate "2014.04.??"]
[EventType "swiss"]
[EventRounds "7"]
[EventCountry "GER"]
[SourceTitle "EXT 2022"]
[Source "ChessBase"]
[SourceDate "2021.10.06"]
[SourceVersion "1"]
[SourceVersionDate "2021.10.06"]
[SourceQuality "1"]

1. c4 Nf6 2. g3 g6 3. Bg2 Bg7 4. Nc3 0-0 5. e3 d6 6. Nge2 Nbd7 7. 0-0 e5 8. d4 c6 9. b3 Re8 10. Bb2 Qc7 11. Qd2 h5 12. Rfd1 Nf8 13. dxe5 dxe5 14. Qd6 Qxd6 15. Rxd6 N8d7 16. Rad1 Bf8 17. R6d2 Nc5 18. Nc1 Bf5 19. f3 Bh6 20. f4 Ng4 21. e4 Be6 22. N1e2 Ne3 23. Re1 Nxg2 24. Kxg2 Bg4 25. b4 Ne6 26. Rf1 h4 27. Rc2 Nd4 28. Nxd4 exd4 29. Nd1 d3 30. Rd2 Be2 31. Re1 Rxe4 32. Nc3 Rxc4 33. Nxe2 dxe2 34. Rdxe2 Bg7 35. Re8+ Rxe8 36. Rxe8+ Kh7 37. Re2 Rxb4 38. Bc1 hxg3 39. hxg3 Bf6 40. Kf3 c5 41. g4 Rc4 42. Rh2+ Kg7 43. Rh1 b5 44. g5 Bd4 45. Re1 a5 46. Rh1 b4 47. Ke2 Rc3 48. Kd1 a4 49. Bb2 Rc4 50. Bc1 b3 51. axb3 axb3 52. Rh2 Ra4 53. Bb2 Bxb2 54. Rxb2 c4 55. Rb1 Ra2 56. Kc1 Rh2 0-1